[Event "I Memorial Oliver Gonzalez Somoza"]
[Site "Madrid ESP"]
[Date "2010.10.10"]
[Round "2.53"]
[White "Sanchez Millan, Eduardo"]
[Black "Garcia-Ines Sanchez, Gustavo"]
[Result "1-0"]
[WhiteElo "2000"]
[BlackElo "1685"]
[PlyCount "85"]
[EventDate "2010.10.09"]
[EventType "swiss"]
[EventRounds "9"]
[EventCountry "ESP"]
[Source "lmi"]
[SourceDate "2010.10.09"]

1. d4 Nf6 2. c4 g6 3. Nc3 Bg7 4. e4 d6 5. f3 O-O 6. Be3 Nbd7 7. Qd2 Re8 8. Nge2
a6 9. Ng3 c5 10. d5 Ne5 11. h4 h5 12. Bh6 Bh8 13. Be2 Bd7 14. O-O Rb8 15. a4
Qa5 16. f4 Neg4 17. Bxg4 Nxg4 18. f5 Bd4+ 19. Kh1 Kh7 20. fxg6+ fxg6 21. Rf7+
Kg8 22. Raf1 Nf6 23. Rg7+ Kh8 24. Qg5 Rg8 25. Rxe7 Qd8 26. Rf7 Nh7 27. Qe7 Qxe7
28. Rxe7 Nf6 29. Bg5 Rbd8 30. Rxf6 Rg7 31. Rxg7 Kxg7 32. Rxd6 Be5 33. Bxd8 Bxd6
34. Nge2 Bg4 35. Kg1 Be5 36. Bb6 Bd6 37. e5 Bxe5 38. Bxc5 Bxe2 39. Nxe2 Bxb2
40. Bd4+ Bxd4+ 41. Nxd4 Kf6 42. Kf2 Ke5 43. Ke3 1-0

[Event "I Memorial Oliver Gonzalez Somoza"]
[Site "Madrid ESP"]
[Date "2010.10.10"]
[Round "2.54"]
[White "Gonzalo Gonzalez, Francisco"]
[Black "Avendaño Mateos, Jose"]
[Result "1/2-1/2"]
[WhiteElo "1784"]
[BlackElo "1992"]
[PlyCount "97"]
[EventDate "2010.10.09"]
[EventType "swiss"]
[EventRounds "9"]
[EventCountry "ESP"]
[Source "lmi"]
[SourceDate "2010.10.09"]

1. e4 c6 2. Nf3 d5 3. exd5 cxd5 4. Bb5+ Nc6 5. Ne5 Qd6 6. d4 a6 7. Bxc6+ bxc6
8. Qf3 Nf6 9. O-O Bb7 10. b3 e6 11. Ba3 Qc7 12. Bxf8 Kxf8 13. Nc3 c5 14. Qg3
Rc8 15. Ne2 Ne4 16. Qf4 g5 17. Qe3 f6 18. Nf3 Kf7 19. c3 h5 20. g3 Rcg8 21.
dxc5 Qxc5 22. Nfd4 e5 23. Nf5 Qxe3 24. Nxe3 Nd2 25. Rfd1 Nf3+ 26. Kg2 d4 27.
cxd4 exd4 28. Nc4 Rd8 29. Na5 Ba8 30. Rac1 d3 31. Rc7+ Kg6 32. Ng1 Ne5+ 33. f3
g4 34. Nb7 Rb8 35. Nc5 Rhc8 36. Rxc8 Rxc8 37. Nxd3 Rc2+ 38. Kf1 Nxd3 39. Rxd3
Rxa2 40. fxg4 hxg4 41. Ne2 Kg5 42. Rd8 Be4 43. Rg8+ Kf5 44. Rd8 Rb2 45. Ke1 Bf3
46. Nd4+ Ke4 47. Nxf3 gxf3 48. Rd6 f2+ 49. Kf1 1/2-1/2

[Event "I Memorial Oliver Gonzalez Somoza"]
[Site "Madrid ESP"]
[Date "2010.10.10"]
[Round "2.55"]
[White "Baeza Escudero, Javier"]
[Black "Sanchez Tapia, Luis G"]
[Result "1-0"]
[WhiteElo "1986"]
[BlackElo "1638"]
[PlyCount "65"]
[EventDate "2010.10.09"]
[EventType "swiss"]
[EventRounds "9"]
[EventCountry "ESP"]
[Source "lmi"]
[SourceDate "2010.10.09"]

1. e4 c6 2. d4 d5 3. Nd2 dxe4 4. Nxe4 Nd7 5. Ng5 Ngf6 6. Bd3 e6 7. N1f3 h6 8.
Nxe6 Qe7 9. O-O fxe6 10. Bg6+ Kd8 11. c4 b6 12. Re1 Kc7 13. Bf4+ Kb7 14. Bf5 e5
15. dxe5 Nh5 16. e6 Ndf6 17. Be5 Bxe6 18. Bxf6 Qxf6 19. Bxe6 Rd8 20. Qc2 Bb4
21. Re5 Bd6 22. Rxh5 Qxe6 23. Re1 Qf6 24. Rf5 Qg6 25. Nh4 Rhe8 26. Rd1 Qg4 27.
Rf7+ Kb8 28. g3 Bc5 29. Nf3 Rxd1+ 30. Qxd1 Qe6 31. Rxg7 Qf6 32. Qd7 Re1+ 33.
Kg2 1-0

[Event "I Memorial Oliver Gonzalez Somoza"]
[Site "Madrid ESP"]
[Date "2010.10.10"]
[Round "2.56"]
[White "Franco Rincon, David"]
[Black "Barajas Fernandez, Helios"]
[Result "0-1"]
[WhiteElo "1770"]
[BlackElo "1976"]
[PlyCount "76"]
[EventDate "2010.10.09"]
[EventType "swiss"]
[EventRounds "9"]
[EventCountry "ESP"]
[Source "lmi"]
[SourceDate "2010.10.09"]

1. e4 c5 2. Nc3 e6 3. g3 d5 4. exd5 exd5 5. d3 Nf6 6. Bg2 Be7 7. Nf3 O-O 8. O-O
d4 9. Ne2 Nc6 10. Bd2 Bf5 11. Re1 Qd7 12. Nf4 h6 13. Qe2 Bd6 14. a3 g5 15. Nxg5
hxg5 16. Nh5 Nh7 17. Be4 Kh8 18. Bxg5 f6 19. Bh6 Bg4 20. Bg7+ Qxg7 21. Nxg7
Bxe2 22. Ne6 Bg4 23. Nxf8 Rxf8 24. Bd5 Ne5 25. Kg2 Bd7 26. h3 Nc6 27. Re4 Bxh3+
28. Kh2 Bf5 29. Rh4 Kg7 30. Kg2 Ng5 31. Re1 Bd7 32. f4 Nf7 33. Bxf7 Rxf7 34.
Reh1 Ne7 35. Rh7+ Kf8 36. Rh8+ Ng8 37. R1h6 Rg7 38. Rxf6+ Ke7 0-1

[Event "I Memorial Oliver Gonzalez Somoza"]
[Site "Madrid ESP"]
[Date "2010.10.10"]
[Round "2.58"]
[White "Martinez Martinez, Antonio"]
[Black "Hernandez Yañez, Javier"]
[Result "0-1"]
[WhiteElo "1695"]
[BlackElo "1955"]
[PlyCount "100"]
[EventDate "2010.10.09"]
[EventType "swiss"]
[EventRounds "9"]
[EventCountry "ESP"]
[Source "lmi"]
[SourceDate "2010.10.09"]

1. e4 e6 2. d4 d5 3. e5 c5 4. c3 Nc6 5. Nf3 Bd7 6. Bd3 Qb6 7. Bc2 cxd4 8. cxd4
Nb4 9. Nc3 Nxc2+ 10. Qxc2 Ne7 11. O-O Nf5 12. Qd1 Be7 13. b3 h6 14. a4 O-O 15.
Ne2 Rfc8 16. h3 Rc7 17. Bb2 Rac8 18. Rc1 Bxa4 19. g4 Bxb3 20. Qd2 Nh4 21. Nh2
Rxc1 22. Rxc1 Rxc1+ 23. Qxc1 Bc4 24. Ng3 a5 25. f4 a4 26. f5 exf5 27. gxf5 Bg5
28. Qc3 Qb3 29. Qxb3 Bxb3 30. Kf2 Be7 31. Ng4 a3 32. Bc3 b5 33. f6 Bf8 34. Ke2
b4 35. Ba1 Bc4+ 36. Kd1 b3 37. Kc1 g6 38. Ne3 Nf3 39. Nxc4 dxc4 40. Ne4 b2+ 41.
Bxb2 axb2+ 42. Kxb2 Bb4 43. Nd6 Bxd6 44. exd6 Nxd4 45. d7 Ne6 46. Kc3 g5 47.
Kxc4 Kh7 48. Kd5 Kg6 49. Ke5 h5 50. h4 g4 0-1

[Event "I Memorial Oliver Gonzalez Somoza"]
[Site "Madrid ESP"]
[Date "2010.10.10"]
[Round "2.59"]
[White "Gomez Ferrer, Jesus"]
[Black "Martin Garcia, Francisco J"]
[Result "1-0"]
[WhiteElo "1942"]
[BlackElo "1575"]
[PlyCount "71"]
[EventDate "2010.10.09"]
[EventType "swiss"]
[EventRounds "9"]
[EventCountry "ESP"]
[Source "lmi"]
[SourceDate "2010.10.09"]

1. e4 c5 2. Nf3 d6 3. d4 cxd4 4. Nxd4 Nf6 5. Nc3 a6 6. a4 Nc6 7. Nxc6 bxc6 8.
Bc4 e5 9. Bg5 Be7 10. Qd2 h6 11. Bh4 O-O 12. Rd1 Nxe4 13. Nxe4 Bxh4 14. Nxd6
Qb6 15. g3 Bg5 16. Qe2 Qxb2 17. O-O Bh3 18. Rfe1 Be6 19. Bxe6 fxe6 20. Qxe5
Qxc2 21. Qxe6+ Kh7 22. Ne4 Bf6 23. Rd2 Qxa4 24. Rd7 Bd4 25. Qg4 Qa5 26. Rd1 h5
27. Ng5+ Kg8 28. Qe6+ Kh8 29. Nf7+ Rxf7 30. Qxf7 Bf6 31. Qg6 Qg5 32. Qe4 Rd8
33. Rxd8+ Bxd8 34. Qe8+ Kh7 35. Qxd8 Qb5 36. Qd3+ 1-0

[Event "I Memorial Oliver Gonzalez Somoza"]
[Site "Madrid ESP"]
[Date "2010.10.10"]
[Round "2.60"]
[White "Panero Cabero, Gregorio"]
[Black "Tevar Becerra, Alvaro"]
[Result "1-0"]
[WhiteElo "1936"]
[BlackElo "1449"]
[PlyCount "43"]
[EventDate "2010.10.09"]
[EventType "swiss"]
[EventRounds "9"]
[EventCountry "ESP"]
[Source "lmi"]
[SourceDate "2010.10.09"]

1. e4 e5 2. f4 exf4 3. Nf3 Nf6 4. e5 Nd5 5. c4 Nb6 6. d4 d6 7. Bxf4 Bg4 8. Bd3
Nc6 9. h3 Bxf3 10. Qxf3 Nxd4 11. Qe4 Ne6 12. O-O d5 13. cxd5 Qxd5 14. Nc3 Qxe4
15. Bxe4 O-O-O 16. Bg3 Bc5+ 17. Bf2 Bxf2+ 18. Rxf2 Rhf8 19. Raf1 Ng5 20. Bf5+
Nd7 21. h4 Ne6 22. Bh3 1-0

[Event "I Memorial Oliver Gonzalez Somoza"]
[Site "Madrid ESP"]
[Date "2010.10.10"]
[Round "2.61"]
[White "Montoya Pecurul, Marc"]
[Black "Garcia Serrano, Jose Manuel"]
[Result "1/2-1/2"]
[WhiteElo "1629"]
[BlackElo "1926"]
[PlyCount "101"]
[EventDate "2010.10.09"]
[EventType "swiss"]
[EventRounds "9"]
[EventCountry "ESP"]
[Source "lmi"]
[SourceDate "2010.10.09"]

1. e4 e5 2. Nf3 Nc6 3. Bb5 a6 4. Ba4 Nf6 5. O-O Nxe4 6. Re1 b5 7. Bb3 d5 8. Nc3
Be6 9. Nxe4 dxe4 10. Bxe6 exf3 11. Qxf3 fxe6 12. Qxc6+ Kf7 13. d3 Bd6 14. Re3
Rf8 15. Rh3 Kg8 16. Qe4 g6 17. Qg4 Rf5 18. Be3 Qe7 19. Rc1 Raf8 20. c4 Bc5 21.
cxb5 Bxe3 22. fxe3 axb5 23. Qh4 Qf7 24. Qe1 Rf2 25. Qd1 Rxb2 26. Rf3 Qe7 27. h3
Rxa2 28. Qf1 Raa8 29. Ra1 Rab8 30. Qe2 Rxf3 31. Qxf3 b4 32. Ra8 Qe8 33. Rxb8
Qxb8 34. Qc6 Qc8 35. Qc5 b3 36. Qxe5 Qd7 37. Kh2 Qc6 38. Kg1 Qb6 39. Qg5 c6 40.
Qe7 Qxe3+ 41. Kh1 Qe1+ 42. Kh2 Qe5+ 43. Kh1 b2 44. Qe8+ Kg7 45. Qe7+ Kh6 46.
Qh4+ Qh5 47. Qf4+ Qg5 48. Qf8+ Kh5 49. Qf3+ Kh4 50. Qe4+ Kh5 51. Qf3+ 1/2-1/2

[Event "I Memorial Oliver Gonzalez Somoza"]
[Site "Madrid ESP"]
[Date "2010.10.10"]
[Round "2.62"]
[White "Rodriguez Dorado, Victor Manuel"]
[Black "Ojosnegros Martin, Angel"]
[Result "1-0"]
[WhiteElo "1923"]
[BlackElo "1384"]
[PlyCount "109"]
[EventDate "2010.10.09"]
[EventType "swiss"]
[EventRounds "9"]
[EventCountry "ESP"]
[Source "lmi"]
[SourceDate "2010.10.09"]

1. c4 Nf6 2. Nf3 g6 3. Nc3 Bg7 4. e4 d6 5. Be2 O-O 6. b3 e5 7. d3 Nc6 8. Bg5
Qe8 9. Qd2 a6 10. h4 Rb8 11. Nd5 Nxd5 12. cxd5 Nd4 13. h5 Nxe2 14. Qxe2 h6 15.
Bd2 g5 16. Rc1 Qd8 17. Ba5 b6 18. Bb4 f5 19. Bd2 fxe4 20. dxe4 Rf7 21. Rc3 a5
22. Nh2 Qf8 23. O-O Ra8 24. Rfc1 Ba6 25. Qe1 Rc8 26. Be3 Qe8 27. Nf1 Bxf1 28.
Qxf1 Rd7 29. Bxb6 Ra8 30. Rxc7 Rxc7 31. Rxc7 Qxh5 32. Rc6 Qg6 33. Qe2 Bf8 34.
f3 Qe8 35. Bc7 Qd7 36. Bb6 Qb7 37. Qc4 Kh8 38. Bf2 Qb4 39. Rb6 Qxc4 40. bxc4
Rc8 41. Rc6 Ra8 42. Bb6 Rb8 43. Kf2 a4 44. Ke3 Kg8 45. Kd3 h5 46. Kc3 g4 47.
fxg4 hxg4 48. Kb4 Be7 49. Kxa4 Bd8 50. Kb5 Bxb6 51. Rxb6 Rf8 52. Rxd6 Rf2 53.
Rg6+ Kf7 54. Rxg4 Rxa2 55. c5 1-0

[Event "I Memorial Oliver Gonzalez Somoza"]
[Site "Madrid ESP"]
[Date "2010.10.10"]
[Round "2.63"]
[White "Cepas Castillo, Juan Carlos"]
[Black "Peñaranda Grilo, Juan Carlos"]
[Result "1-0"]
[WhiteElo "1594"]
[BlackElo "1920"]
[PlyCount "73"]
[EventDate "2010.10.09"]
[EventType "swiss"]
[EventRounds "9"]
[EventCountry "ESP"]
[Source "lmi"]
[SourceDate "2010.10.09"]

1. e4 c6 2. d4 d5 3. Nc3 dxe4 4. Nxe4 Bf5 5. Ng3 Bg6 6. h4 h6 7. h5 Bh7 8. Bd3
Bxd3 9. Qxd3 Nf6 10. Nf3 e6 11. Bf4 Qa5+ 12. Bd2 Qc7 13. O-O-O Nbd7 14. Rde1
O-O-O 15. Ne4 Be7 16. Qe2 c5 17. dxc5 Nxc5 18. Nxc5 Bxc5 19. Rh4 Qb6 20. Rc4
Kb8 21. Qe5+ Bd6 22. Ba5 Bxe5 23. Bxb6 Bxb2+ 24. Kxb2 axb6 25. Ne5 Rhf8 26. g4
Nd5 27. Rd1 f6 28. Ng6 Nc7 29. Rcd4 Rxd4 30. Rxd4 Rf7 31. Rd6 Ka7 32. c4 f5 33.
Ne5 Re7 34. Ng6 Rf7 35. Ne5 Rf6 36. Rd7 Kb8 37. Rxg7 1-0

[Event "I Memorial Oliver Gonzalez Somoza"]
[Site "Madrid ESP"]
[Date "2010.10.10"]
[Round "2.65"]
[White "Martin Rodriguez, Jose L"]
[Black "Rodriguez Vignote, Javier"]
[Result "0-1"]
[WhiteElo "1519"]
[BlackElo "1910"]
[PlyCount "21"]
[EventDate "2010.10.09"]
[EventType "swiss"]
[EventRounds "9"]
[EventCountry "ESP"]
[Source "lmi"]
[SourceDate "2010.10.09"]

1. e4 e6 2. d4 d5 3. Nc3 Nf6 4. e5 Nfd7 5. Bg5 Qxg5 6. h4 Qd8 7. g4 c5 8. Nge2
Nc6 9. Qd2 cxd4 10. Nxd4 Ndxe5 11. Nxc6 0-1

[Event "I Memorial Oliver Gonzalez Somoza"]
[Site "Madrid ESP"]
[Date "2010.10.10"]
[Round "2.67"]
[White "Nuñez Alonso, Raul"]
[Black "Rasskin Friederichs, Ivan"]
[Result "0-1"]
[WhiteElo "1426"]
[BlackElo "1905"]
[PlyCount "86"]
[EventDate "2010.10.09"]
[EventType "swiss"]
[EventRounds "9"]
[EventCountry "ESP"]
[Source "lmi"]
[SourceDate "2010.10.09"]

1. e4 e6 2. d4 d5 3. Nc3 Nf6 4. e5 Nfd7 5. Nf3 c5 6. Be3 Nc6 7. Bb5 cxd4 8.
Bxd4 a6 9. Bxc6 bxc6 10. Be3 c5 11. Bf4 Bb7 12. Ne2 Be7 13. c3 O-O 14. O-O f6
15. Re1 fxe5 16. Bxe5 Rxf3 17. gxf3 Nxe5 18. Ng3 Bd6 19. Re3 Qf6 20. Kg2 d4 21.
cxd4 Nxf3 22. Rxf3 Rf8 23. d5 Bxd5 24. Qxd5 exd5 25. Rxf6 Rxf6 26. Rd1 Bxg3 27.
hxg3 Rd6 28. b3 a5 29. Rc1 Rc6 30. Rd1 d4 31. Kf3 Kf7 32. Ke4 Ke6 33. f4 Kd6
34. g4 Rc7 35. Rd2 Re7+ 36. Kf3 Re3+ 37. Kf2 Kd5 38. Rd1 Ke4 39. f5 d3 40. Re1
Rxe1 41. Kxe1 Kf4 42. Kd2 Kxg4 43. Kxd3 h5 0-1

[Event "I Memorial Oliver Gonzalez Somoza"]
[Site "Madrid ESP"]
[Date "2010.10.11"]
[Round "3.1"]
[White "Candela Perez, Jose"]
[Black "Korneev, Oleg"]
[Result "0-1"]
[WhiteElo "2390"]
[BlackElo "2556"]
[PlyCount "100"]
[EventDate "2010.10.09"]
[EventType "swiss"]
[EventRounds "9"]
[EventCountry "ESP"]
[Source "lmi"]
[SourceDate "2010.10.09"]

1. d4 d5 2. Nf3 Nf6 3. c4 e6 4. Nc3 c6 5. Bg5 Nbd7 6. e3 Qa5 7. Nd2 dxc4 8.
Bxf6 Nxf6 9. Nxc4 Qc7 10. Be2 Be7 11. O-O O-O 12. Rc1 Rd8 13. Qc2 Bd7 14. Ne4
Nd5 15. a3 a5 16. Ne5 Be8 17. Bd3 Rdc8 18. Ng3 g6 19. Ne4 c5 20. Qe2 Qb8 21.
Nf3 cxd4 22. Nxd4 Qa7 23. Bc4 Rd8 24. Bb5 Qb6 25. Bxe8 Rxe8 26. Qb5 Rec8 27.
Qxb6 Nxb6 28. Nb5 Rxc1 29. Rxc1 Rc8 30. Rxc8+ Nxc8 31. b3 f5 32. Nd2 Nb6 33. a4
Bb4 34. Nc4 Nd7 35. Nd4 Nc5 36. Kf1 Kf7 37. Ke2 Kf6 38. f4 g5 39. g3 g4 40. Kd1
h5 41. Kc2 h4 42. Ne2 h3 43. Ne5 Be1 44. Nd3 Nxd3 45. Kxd3 e5 46. e4 Bf2 47.
fxe5+ Kxe5 48. exf5 Kxf5 49. Nd4+ Ke5 50. Ne2 b6 0-1

[Event "I Memorial Oliver Gonzalez Somoza"]
[Site "Madrid ESP"]
[Date "2010.10.11"]
[Round "3.2"]
[White "Almeida Quintana, Omar"]
[Black "Hernando Pertierra, Jose Carlos"]
[Result "1-0"]
[WhiteElo "2559"]
[BlackElo "2386"]
[PlyCount "65"]
[EventDate "2010.10.09"]
[EventType "swiss"]
[EventRounds "9"]
[EventCountry "ESP"]
[Source "lmi"]
[SourceDate "2010.10.09"]

1. d4 g6 2. c4 Bg7 3. Nc3 c5 4. d5 Bxc3+ 5. bxc3 Qa5 6. e4 Nf6 7. f3 d6 8. Qb3
O-O 9. Ne2 Nbd7 10. Ng3 a6 11. Be2 b5 12. Bh6 Re8 13. O-O Ne5 14. cxb5 axb5 15.
h3 Qa3 16. f4 Nc4 17. Bxc4 bxc4 18. Qc2 Bd7 19. f5 Rab8 20. Rf2 Rb3 21. Rc1 Rb7
22. Rcf1 Reb8 23. fxg6 hxg6 24. e5 Rb2 25. Qc1 dxe5 26. d6 Bc6 27. Qg5 Rxf2 28.
Rxf2 Rb2 29. Ne2 Qa4 30. Rxf6 Qd1+ 31. Kh2 Be8 32. Rxg6+ fxg6 33. Qxe7 1-0

[Event "I Memorial Oliver Gonzalez Somoza"]
[Site "Madrid ESP"]
[Date "2010.10.11"]
[Round "3.3"]
[White "Taboas Rodriguez, Daniel"]
[Black "Vazquez Igarza, Renier"]
[Result "0-1"]
[WhiteElo "2381"]
[BlackElo "2535"]
[PlyCount "88"]
[EventDate "2010.10.09"]
[EventType "swiss"]
[EventRounds "9"]
[EventCountry "ESP"]
[Source "lmi"]
[SourceDate "2010.10.09"]

1. d4 Nf6 2. c4 e6 3. Nf3 d5 4. Nc3 Be7 5. Bg5 h6 6. Bh4 O-O 7. e3 b6 8. Be2
Nbd7 9. cxd5 exd5 10. O-O Bb7 11. Qa4 a6 12. b4 Bd6 13. Qb3 c6 14. Bd3 a5 15.
bxa5 Rxa5 16. e4 Ra3 17. Qb2 Rxc3 18. Qxc3 dxe4 19. Be2 exf3 20. Bxf3 Ne4 21.
Bxd8 Nxc3 22. Bh4 Ra8 23. Rfc1 Ra3 24. Re1 Kf8 25. Bg4 Nf6 26. Bxf6 gxf6 27.
Bd7 Rxa2 28. Rxa2 Nxa2 29. Re8+ Kg7 30. Bh3 Nc3 31. Rd8 Nb5 32. Bg4 c5 33. dxc5
Bxc5 34. Be2 Nd6 35. Rd7 Bd5 36. Kf1 Be6 37. Rc7 f5 38. f4 Nc4 39. g3 Ne3+ 40.
Ke1 Ng4 41. h3 Nf6 42. Kf1 Bd5 43. g4 fxg4 44. hxg4 Bd6 0-1

[Event "I Memorial Oliver Gonzalez Somoza"]
[Site "Madrid ESP"]
[Date "2010.10.11"]
[Round "3.4"]
[White "Moreno Ruiz, Javier"]
[Black "Gemy, Jose Daniel"]
[Result "0-1"]
[WhiteElo "2491"]
[BlackElo "2325"]
[PlyCount "119"]
[EventDate "2010.10.09"]
[EventType "swiss"]
[EventRounds "9"]
[EventCountry "ESP"]
[Source "lmi"]
[SourceDate "2010.10.09"]

1. d4 d5 2. c4 e6 3. Nc3 Nf6 4. cxd5 Nxd5 5. e4 Nxc3 6. bxc3 Be7 7. Nf3 O-O 8.
Bd3 c5 9. O-O b6 10. Qe2 Bb7 11. Rd1 Qc7 12. a4 Nd7 13. a5 Rae8 14. a6 Ba8 15.
Bb5 Bc6 16. c4 cxd4 17. Nxd4 Nb8 18. Bb2 Bc5 19. Rd3 Rd8 20. Rad1 Ba8 21. Qg4
Bxd4 22. Bxd4 f5 23. exf5 exf5 24. Qe2 Nc6 25. Qe6+ Qf7 26. Qxf7+ Kxf7 27. Bc3
Rxd3 28. Rxd3 Rd8 29. Rxd8 Nxd8 30. f3 g5 31. Kf2 Nc6 32. g3 Ke6 33. h4 gxh4
34. gxh4 Ne5 35. f4 Ng4+ 36. Ke2 Be4 37. Bd4 Nf6 38. Be5 Nd7 39. Bc7 h5 40. Ke3
Bg2 41. Kd4 Bf3 42. Ke3 Bg2 43. Ba4 Nc5 44. Bd1 Nxa6 45. Be5 Nc5 46. Bxh5 Nd7
47. Bg7 Bf1 48. Bg6 Bxc4 49. h5 Nf6 50. h6 a5 51. Kd4 Bf1 52. h7 Nxh7 53. Bxh7
b5 54. Bg8+ Kd6 55. Bf8+ Kc6 56. Bd5+ Kb6 57. Bc5+ Ka6 58. Be6 a4 59. Bb4 Bh3
60. Kc5 0-1

[Event "I Memorial Oliver Gonzalez Somoza"]
[Site "Madrid ESP"]
[Date "2010.10.11"]
[Round "3.5"]
[White "Rubio Mejia, Luis Ignacio"]
[Black "Herraiz Hidalgo, Herminio"]
[Result "1/2-1/2"]
[WhiteElo "2373"]
[BlackElo "2480"]
[PlyCount "28"]
[EventDate "2010.10.09"]
[EventType "swiss"]
[EventRounds "9"]
[EventCountry "ESP"]
[Source "lmi"]
[SourceDate "2010.10.09"]

1. d4 Nf6 2. c4 c5 3. d5 e6 4. Nc3 exd5 5. cxd5 d6 6. Nf3 g6 7. Nd2 Bg7 8. e4
O-O 9. Be2 Na6 10. O-O Ne8 11. Nc4 Nac7 12. a4 f5 13. exf5 Bxf5 14. Ne3 Bd7
1/2-1/2

[Event "I Memorial Oliver Gonzalez Somoza"]
[Site "Madrid ESP"]
[Date "2010.10.11"]
[Round "3.6"]
[White "Rios Parra, Alejandro"]
[Black "Recuero Guerra, David"]
[Result "1-0"]
[WhiteElo "2299"]
[BlackElo "2457"]
[PlyCount "68"]
[EventDate "2010.10.09"]
[EventType "swiss"]
[EventRounds "9"]
[EventCountry "ESP"]
[Source "lmi"]
[SourceDate "2010.10.09"]

1. e4 e5 2. Nf3 d6 3. d4 exd4 4. Nxd4 Nf6 5. Nc3 Be7 6. Bc4 O-O 7. f3 c6 8. Bb3
b5 9. Bf4 b4 10. Na4 c5 11. Nb5 Ba6 12. c4 bxc3 13. Naxc3 Nc6 14. Bxd6 Bxb5 15.
Bxe7 Qxe7 16. Nxb5 c4 17. Ba4 Qb4+ 18. Nc3 Qxb2 19. O-O Qxc3 20. Bxc6 Rac8 21.
Ba4 Rfd8 22. Qc2 Qxc2 23. Bxc2 Rd2 24. Rf2 c3 25. Kf1 g6 26. Rd1 Rxd1+ 27. Bxd1
Nd7 28. Rc2 Ne5 29. Ke2 Rc5 30. Ke3 Nc6 31. a3 f6 32. f4 g5 33. g3 gxf4+ 34.
gxf4 Na5 1-0

[Event "I Memorial Oliver Gonzalez Somoza"]
[Site "Madrid ESP"]
[Date "2010.10.11"]
[Round "3.7"]
[White "Castaño, Henry Augusto"]
[Black "Almagro Llamas, Pablo"]
[Result "1/2-1/2"]
[WhiteElo "2205"]
[BlackElo "2451"]
[PlyCount "70"]
[EventDate "2010.10.09"]
[EventType "swiss"]
[EventRounds "9"]
[EventCountry "ESP"]
[Source "lmi"]
[SourceDate "2010.10.09"]

1. e4 c6 2. d4 d5 3. f3 e6 4. Nc3 Qb6 5. a3 Nf6 6. e5 Nfd7 7. f4 c5 8. Nf3 Nc6
9. Be3 a6 10. Be2 Qa7 11. Qd2 b5 12. O-O Be7 13. Nd1 O-O 14. Nf2 f6 15. exf6
Nxf6 16. dxc5 Bxc5 17. Bxc5 Qxc5 18. Kh1 Bb7 19. Nd3 Qb6 20. Nfe5 Ne7 21. Bf3
Ne4 22. Qb4 Qc7 23. a4 bxa4 24. Bxe4 dxe4 25. Nc5 Bc8 26. Qxe4 Rb8 27. Ned3 Rf6
28. Qxa4 Rb6 29. Qe4 Rf5 30. b4 Nd5 31. Na4 Rc6 32. Nac5 Rb6 33. Na4 Rc6 34.
Nac5 Rb6 35. Na4 Rc6 1/2-1/2

[Event "I Memorial Oliver Gonzalez Somoza"]
[Site "Madrid ESP"]
[Date "2010.10.11"]
[Round "3.8"]
[White "Semprun Martinez, Fernando"]
[Black "Lariño Nieto, David"]
[Result "0-1"]
[WhiteElo "2173"]
[BlackElo "2451"]
[PlyCount "70"]
[EventDate "2010.10.09"]
[EventType "swiss"]
[EventRounds "9"]
[EventCountry "ESP"]
[Source "lmi"]
[SourceDate "2010.10.09"]

1. e4 e6 2. d4 d5 3. Nc3 Nf6 4. e5 Nfd7 5. f4 c5 6. Nf3 Nc6 7. Be3 a6 8. Qd2
cxd4 9. Nxd4 Bc5 10. O-O-O O-O 11. Nb3 Be7 12. g4 b5 13. h4 b4 14. Na4 f6 15.
exf6 Nxf6 16. Qg2 Qe8 17. Nb6 Rb8 18. f5 exf5 19. gxf5 Bxf5 20. Rg1 Rf7 21.
Nxd5 Nxd5 22. Rxd5 Bf8 23. Qd2 Ne5 24. Be2 Rc8 25. Nd4 Be4 26. Rxe5 Qxe5 27.
Bxa6 Rcc7 28. Rg5 Qf6 29. Bd3 Bxd3 30. Qxd3 g6 31. Nf5 Qe6 32. Nd4 Rf1+ 33. Kd2
Qh3 34. h5 Bh6 35. Re5 Qh2+ 0-1

[Event "I Memorial Oliver Gonzalez Somoza"]
[Site "Madrid ESP"]
[Date "2010.10.11"]
[Round "3.9"]
[White "Barria Zuñiga, Daniel"]
[Black "Madina Yadarola, Martin"]
[Result "1-0"]
[WhiteElo "2419"]
[BlackElo "2254"]
[PlyCount "72"]
[EventDate "2010.10.09"]
[EventType "swiss"]
[EventRounds "9"]
[EventCountry "ESP"]
[Source "lmi"]
[SourceDate "2010.10.09"]

1. d4 Nf6 2. c4 g6 3. Nc3 d5 4. Bf4 Bg7 5. e3 O-O 6. Rc1 c6 7. h3 Be6 8. b3 Qa5
9. Qd2 Na6 10. cxd5 cxd5 11. Bxa6 Qxa6 12. Nge2 Nd7 13. O-O f6 14. a4 Qa5 15.
b4 Qd8 16. Nb5 Bf7 17. Bc7 Qe8 18. Bg3 Nb6 19. Nc7 Qxa4 20. Nxa8 Rxa8 21. Rc7
e5 22. Rxb7 Qc6 23. Re7 Nc4 24. Qa2 a5 25. b5 Qd6 26. Rb7 a4 27. Rb1 a3 28. b6
Be6 29. Ra7 Rb8 30. b7 Bf8 31. Ra8 Kg7 32. dxe5 fxe5 33. Nd4 Bd7 34. Nf3 Qc7
35. Rxb8 Qxb8 36. Nxe5 Nxe5 1-0

[Event "I Memorial Oliver Gonzalez Somoza"]
[Site "Madrid ESP"]
[Date "2010.10.11"]
[Round "3.10"]
[White "Anton Guijarro, David"]
[Black "Solaesa Navalpotro, Luis Julio"]
[Result "1-0"]
[WhiteElo "2403"]
[BlackElo "2227"]
[PlyCount "41"]
[EventDate "2010.10.09"]
[EventType "swiss"]
[EventRounds "9"]
[EventCountry "ESP"]
[Source "lmi"]
[SourceDate "2010.10.09"]

1. e4 e5 2. f4 exf4 3. Bc4 c6 4. Nc3 Nf6 5. Bb3 d5 6. exd5 cxd5 7. d4 Bb4 8.
Nf3 Ne4 9. O-O Nxc3 10. Qe1+ Be6 11. bxc3 Be7 12. Bxf4 Nd7 13. Qg3 Nf6 14. Ba4+
Kf8 15. Ng5 Bd7 16. Bc7 Qc8 17. Rae1 Be6 18. Rxe6 fxe6 19. Qe5 h6 20. Nxe6+ Kf7
21. Nxg7 1-0

[Event "I Memorial Oliver Gonzalez Somoza"]
[Site "Madrid ESP"]
[Date "2010.10.11"]
[Round "3.12"]
[White "Martin Duque, Jesus"]
[Black "Fedorchuk, Sergey A"]
[Result "0-1"]
[WhiteElo "2073"]
[BlackElo "2671"]
[PlyCount "55"]
[EventDate "2010.10.09"]
[EventType "swiss"]
[EventRounds "9"]
[EventCountry "ESP"]
[Source "lmi"]
[SourceDate "2010.10.09"]

1. e4 c5 2. Nf3 e6 3. d4 cxd4 4. Nxd4 a6 5. Bd3 Qc7 6. O-O Nf6 7. Qe2 Bd6 8. h3
Nc6 9. Nxc6 dxc6 10. c4 O-O 11. Nc3 e5 12. Be3 Nd7 13. Rab1 Nc5 14. Bc2 Ne6 15.
Rfd1 b5 16. b4 Nd4 17. Qd2 Rd8 18. c5 Be7 19. Bxd4 exd4 20. Ne2 a5 21. a3 Bf6
22. f4 axb4 23. e5 d3 24. Bxd3 Rxa3 25. Bxh7+ Kxh7 26. Qc2+ g6 27. Rd6 Bf5 28.
Qd2 0-1

[Event "I Memorial Oliver Gonzalez Somoza"]
[Site "Madrid ESP"]
[Date "2010.10.11"]
[Round "3.14"]
[White "Paunovic, Dragan"]
[Black "Cerrato Torrijos, Maria"]
[Result "1-0"]
[WhiteElo "2559"]
[BlackElo "2055"]
[PlyCount "61"]
[EventDate "2010.10.09"]
[EventType "swiss"]
[EventRounds "9"]
[EventCountry "ESP"]
[Source "lmi"]
[SourceDate "2010.10.09"]

1. Nf3 Nf6 2. g3 d5 3. Bg2 e6 4. O-O Bd6 5. d4 Nbd7 6. c4 c6 7. Nc3 O-O 8. Nd2
Re8 9. e4 dxe4 10. Ndxe4 Bf8 11. Bf4 Nxe4 12. Nxe4 Be7 13. Qc2 Qa5 14. Bd6 Bxd6
15. Nxd6 Rf8 16. Rab1 Nf6 17. b4 Qc7 18. c5 Rb8 19. b5 cxb5 20. Nxb5 Qa5 21.
Nd6 Qc7 22. Qa4 a6 23. Qb4 Rd8 24. Qb6 Qxb6 25. Rxb6 Nd7 26. Rbb1 e5 27. Nxc8
Rbxc8 28. Bxb7 Rc7 29. c6 Nb8 30. dxe5 Rd5 31. Rfd1 1-0